000 00478nam a22001697a 4500
005 20251108165210.0
008 250721s1977 xx 000 0 ara d
082 1 4 _a370.1/محم
100 1 _aناصر، محمد
245 1 0 _aالفكر التربوي العربي الإسلامي /
264 1 _aالكويت :
_bوكالة المطبوعات،
_c1977.
300 _a485ص
650 1 7 _aالتربية
650 1 7 _aالفلسفة
942 _2ddc
_cBK
999 _c21899
_d21899